A hagyományos és agilis projektmenedzsment módszertanok vizsgálata és gyakorlati értékelése
| Main Author: | |
|---|---|
| Other Authors: | |
| Format: | Thesis |
| Kulcsszavak: | agilis módszertan Kvalitatív kutatás módszertani összehasonlítás projekt sikeressége projektmenedzsment Vízesés modell |
| Online Access: | http://dolgozattar.uni-bge.hu/59959 |
MARC
| LEADER | 00000nta a2200000 i 4500 | ||
|---|---|---|---|
| 001 | dolg59959 | ||
| 005 | 20260409145811.0 | ||
| 008 | 260409suuuu hu om 000 hun d | ||
| 040 | |a BGE Dolgozattár Repozitórium |b hun | ||
| 041 | |a hu | ||
| 100 | 1 | |a Takács Eszter | |
| 245 | 1 | 2 | |a A hagyományos és agilis projektmenedzsment módszertanok vizsgálata és gyakorlati értékelése |c Takács Eszter |h [elektronikus dokumentum] |
| 520 | 3 | |a A dolgozatomban a hagyományos (vízesés) és az agilis projektmenedzsment módszertanok elméleti és gyakorlati összehasonlítását tűztem ki célul. Áttekintem a projektmenedzsment fejlődését, bemutatom a két módszertan jellemzőit, előnyeit és hátrányait. A kutatás részeként két projektet (bérszámfejtő rendszer megújítása, Contact Center bevezetése) elemzek, valamint mélyinterjúk segítségével kvalitatív vizsgálatot végzek. Az eredmények alapján következtetéseket vonok le a módszerek hatékonyságáról és sikerességéről a gyakorlatban. | |
| 695 | |a agilis módszertan | ||
| 695 | |a Kvalitatív kutatás | ||
| 695 | |a módszertani összehasonlítás | ||
| 695 | |a projekt sikeressége | ||
| 695 | |a projektmenedzsment | ||
| 695 | |a Vízesés modell | ||
| 700 | 1 | |a Földi Dr. Péter |e ths | |
| 856 | 4 | 0 | |u http://dolgozattar.uni-bge.hu/59959/1/Tak%C3%A1cs%20Eszter_diplomadolgozat_2025.pdf |z Dokumentum-elérés |
| 856 | 4 | 0 | |u http://dolgozattar.uni-bge.hu/59959/2/MA%20ELM%20Tak%C3%A1cs%20Eszter.pdf |z Dokumentum-elérés |
| 856 | 4 | 0 | |u http://dolgozattar.uni-bge.hu/59959/3/B%C3%ADr%C3%A1lati%20lap_Msc_Tak%C3%A1cs_Eszter.pdf |z Dokumentum-elérés |